| 000 | 01016nam a22002297a 4500 | ||
|---|---|---|---|
| 005 | 20111104105712.0 | ||
| 010 | _aB-444614 | ||
| 020 |
_a9788179914915 _c100.00 |
||
| 035 | _aB-444614 | ||
| 037 |
_bBlue Berry/Ven _aDPL |
||
| 082 | _a363.73874 | ||
| 100 |
_a Perritano, John _937473 |
||
| 245 |
_aThe climate crisis: _cby John Perritano and Stephen Osborne _bThe effects of global warming / |
||
| 260 |
_b Popular Prakashan _c2009 _aMumbai |
||
| 270 |
_a301 Mahalaxmi Chambers 22, Bhulabhai Desai Road _bMumbai _e400026 |
||
| 300 |
_a48p. _c25cm (pbk) _bill. |
||
| 490 |
_a Endangered Planet, Brainworks: A Kangaroo kids initiative _937474 |
||
| 700 |
_aOsborne, Stephen _935705 |
||
| 942 |
_cCH _2ddc _mPER _h363.73874 |
||
| 999 |
_c58096 _d58096 |
||